000 00306nam a22001337a 4500
008 170220b xxu||||| |||| 00| 0 eng d
020 _a9781591952282
041 _aeng
080 _27 ED
_a615
100 _a5
101 _aSHF
245 _aDRUG INFORMATION HANDBOOK ONCOLOGY
_cSOLIMANDO
942 _2udc
_cBK
999 _c5810
_d5810